Central Library OPAC University of Rajshahi

শেখ ফজলল করিম রচনাবলী / (Record no. 39860)

MARC details
000 -LEADER
fixed length control field 02108nam a22003257a 4500
001 - CONTROL NUMBER
control field 39860
003 - CONTROL NUMBER IDENTIFIER
rucl marc code BD-RjUL
005 - DATE AND TIME OF LATEST TRANSACTION
control field 20211209053056.0
008 - FIXED-LENGTH DATA ELEMENTS--GENERAL INFORMATION
fixed length control field 160419m20142003bg a|||| |||| 00| 1dben d
020 ## - INTERNATIONAL STANDARD BOOK NUMBER
International Standard Book Number 9840743341 (V- 1)
Terms of availability : Tk. 250.00
International Standard Book Number 9840751891 (V- 2)
Terms of availability : Tk. 500.00
035 ## - SYSTEM CONTROL NUMBER
System control number (BD-RjUL)39974
040 ## - CATALOGING SOURCE
Original cataloging agency BD-RjUL
Language of cataloging ben
Transcribing agency BD-RjUL
041 ## - LANGUAGE CODE
Language code of text/sound track or separate title ben
082 ## - DEWEY DECIMAL CLASSIFICATION NUMBER
Edition number 23
Classification number 891.4408
Author mark and year KAS 2003-2014
100 ## - MAIN ENTRY--PERSONAL NAME
Personal name করিম, শেখ ফজলল
9 (RLIN) 122801
245 10 - TITLE STATEMENT
Title শেখ ফজলল করিম রচনাবলী /
Statement of responsibility, etc. শেখ ফজলল করিম ; শামসুন নাহার জামান সম্পাদিত
260 ## - PUBLICATION, DISTRIBUTION, ETC. (IMPRINT)
Place of publication, distribution, etc. ঢাকা :
Name of publisher, distributor, etc. বাংলা একাডেমি,
Date of publication, distribution, etc. ২০০৩-২০১৪
300 ## - PHYSICAL DESCRIPTION
Pagination ২ খণ্ড :
Illustrations চিত্র ;
Size ২২ সেমি.
490 ## - SERIES STATEMENT
Series statement বাএ ;
Volume/sequential designation ৪৩২৫
Series statement বাএ ;
Volume/sequential designation ৫১৭০
500 ## - GENERAL NOTE
General note ২০০৩ সালে প্রকাশিত "শেখ ফজলল্ করিম রচনাবলী" বইটির টাইটেল পেজে প্রথম খণ্ড বলে কিছু উল্লেখ নাই। কিন্ত ২০১৪ সালে প্রকাশিত "শেখ ফজলল্ করিম রচনাবলী"র দ্বিতীয় খণ্ডে সম্পাদিকা ২০০৩ সালে প্রকাশিত "শেখ ফজলল্ করিম রচনাবলী"কে প্রথম খণ্ড বলে উল্লেখ করেছেন । ফলে খণ্ড হিসেবে ডাটা এন্ট্রি করা হলো।
505 0# - FORMATTED CONTENTS NOTE
Formatted contents note খণ্ড ১ -- খণ্ড ২ --
650 ## - SUBJECT ADDED ENTRY--TOPICAL TERM
Topical term or geographic name as entry element বাংলা সাহিত্য
Form subdivision রচনাবলী
9 (RLIN) 118114
Topical term or geographic name as entry element Bengali Literature
Form subdivision Collected Works
9 (RLIN) 126698
700 ## - ADDED ENTRY--PERSONAL NAME
Personal name জামান, শামসুন নাহার, সম্পাদক
830 ## - SERIES ADDED ENTRY--UNIFORM TITLE
Uniform title বাএ ;
Volume number/sequential designation ৪৩২৫
Uniform title বাএ ;
Volume number/sequential designation ৫১৭০
942 ## - ADDED ENTRY ELEMENTS (KOHA)
Source of classification or shelving scheme Dewey Decimal Classification
Koha item type Books
Holdings
Lost status Source of classification or shelving scheme Damaged status Not for loan Collection code Permanent Location Current Location Shelving location Date acquired Source of acquisition Cost, normal purchase price Total Checkouts Full call number Date last seen Copy number Koha item type Date checked out
  Dewey Decimal Classification   Not For Loan Fiction Central Library, University of Rajshahi Central Library, University of Rajshahi Reading Room 16/04/2016 Biddasagor, Rajshahi 250.00   B 891.4408 KAS V-1 2003 19/04/2016 C-1 Books  
  Dewey Decimal Classification     Fiction Central Library, University of Rajshahi Central Library, University of Rajshahi   16/04/2016 Biddasagor, Rajshahi 250.00 11 B 891.4408 KAS V-1 2003 13/09/2022 C-2 Books 31/08/2022
  Dewey Decimal Classification     Fiction Central Library, University of Rajshahi Central Library, University of Rajshahi   16/04/2016 Biddasagor, Rajshahi 250.00   B 891.4408 KAS V-1 2003 19/04/2016 C-3 Books  
  Dewey Decimal Classification   Not For Loan Fiction Central Library, University of Rajshahi Central Library, University of Rajshahi Reading Room 16/04/2016 Biddasagor, Rajshahi 500.00   B 891.4408 KAS V-2 2014 20/04/2016 C-1 Books  
  Dewey Decimal Classification     Fiction Central Library, University of Rajshahi Central Library, University of Rajshahi   16/04/2016 Biddasagor, Rajshahi 500.00   B 891.4408 KAS V-2 2014 20/04/2016 C-2 Books  
  Dewey Decimal Classification     Fiction Central Library, University of Rajshahi Central Library, University of Rajshahi   16/04/2016 Biddasagor, Rajshahi 500.00 2 B 891.4408 KAS V-2 2014 04/07/2017 C-3 Books 25/05/2017